000 00338nam a2200145Ia 4500
100 _aHiggins/ Raymond.A
942 _cBK
654 _aMetallurgy
245 _aEngineering Metallurgy II
260 _bEnglish language book society
_aHodder & Stoughton
_c1974
082 _a669
_bHIG
300 _a480
546 _aENGLISH
999 _c31814
_d31814